000 00257nam a2200097Ia 4500
001 1251442
005 20251031150915.0
008 251031s9999 xx 000 0 und d
245 0 _cURSULA K.LE GUİN
_aJ-1 KENTTE TEK BAŞINA
260 _bGÜNIŞIĞI YAYINLARI
999 _c1251442
_d1251442